Szybka matematyka — szacowanie - Statystyki

Ogólne statystyki
  • Ten quiz został rozwiązany 52 razy
  • Średni wynik to 6 z 15
Statystyki odpowiedzi
Hint Odpowiedź % Poprawnych
4 - 1 * 15 + 4 Mniej
57%
19 * 2 + 9 Mniej
54%
7 * 7 + 2 Więcej
54%
(32 + 12 - 4) * 2 Więcej
54%
90 : (2 + 7) * 5 + 5 - 0 Więcej
49%
2000: 100 * 2 + 15 Więcej
49%
(48 - 13 - 5) * 20 - 5 Więcej
49%
4 + 4 + 4 + 4 + 4 + 4 + 4 + 4 + 4 + 4 + 4 Mniej
46%
13 * 3 + 3 * 4 Więcej
43%
(35 + 15) : 2 - 1 Mniej
35%
1 + 2 + 3 + 4 + 5 + 6 + 7 + 8 + 9 Mniej
35%
13 + 13 - 17 + 11 + 5 + 0 Mniej
35%
100 * 2 + 2 : 2 - 50 Więcej
35%
5 + 8 * 12 * (12 : 12 - 1) Mniej
24%
4 + 4 * 4 * 2 + 5 + 0 Mniej
22%
Nie znaleziono quizów pasujących do podanych kryteriów
Rozkład punktacji
Procent ludzi z każdym wynikiem
Percentyl według liczby udzielonych odpowiedzi
Twoja historia wyników
Nie rozwiązałeś tego quizu